| 000 | 01204nam a2200265Ia 4500 | ||
|---|---|---|---|
| 999 |
_c34423 _d34423 |
||
| 001 | 156 | ||
| 003 | GE_BSU | ||
| 005 | 20250901180514.0 | ||
| 008 | 181216s2009||||ge |||||||||||||| ||geo|| | ||
| 020 | _a9789941001581 | ||
| 040 | _cGE_BSU | ||
| 041 | _ageo | ||
| 080 | _a314.(075.8) დ–33 | ||
| 245 |
_aდემოგრაფია : _bსახელმძღვანელო / _cშემდგ: გ.წულაძე, ნ.მაღლაფერიძე, ა.სულაბერიძე; რედ: გ.ლორთქიფანიძე |
||
| 250 | _aმე-2 გადამუშ. და დამატ. გამოცემა | ||
| 264 |
_aთბილისი, _c2009. |
||
| 300 |
_a292 გვ. _b28სმ. |
||
| 300 | _eდანართები | ||
| 653 | _aდემოგრაფია | ||
| 700 |
_aწულაძე, გ. _eშემდგენელი _925756 |
||
| 700 |
_aმაღლაფერიძე,ნ. _eშემდგენელი _925757 |
||
| 700 |
_aსულაბერიძე, ა. _eშემდგენელი _94392 |
||
| 700 |
_aლორთქიფანიძე, გ. _eრედაქტორი _91484 |
||
| 942 |
_cBK _2udc |
||